000 00587nam a2200193Ia 4500
003 OSt
005 20260316164748.0
008 220917b |||||||| |||| 00| 0 eng d
037 _cTB
040 _aARTS
_cARTS
_beng
041 _2eng
_aeng
084 _aV1N14, L2-;1-;2 (TTV)
_qCRL
100 _aKoch H W ed
_998019
245 0 _aOrigins of the first world War
_b great power Rivalry and German war Aims
260 _aLondon,UK;
_bmacmillan,
_c1972.
650 _aHISTORY
942 _hV1N14, L2-;1-;2 (TTV)
_cTB
_2CC
999 _c216627
_d216627